000 00536nam a22001815i 4500
001 54127
003 ES-MaACL
005 20240518063026.0
007 t|
008 960715s1866 fr ||||1| fre d
040 _aCAM
_bspa
_cCAM
100 0 _aFéval, Paul,
_d1816-1887
_950646
245 1 0 _aCoeur d'acier /
_cPaul Féval.
260 _aParis :
_bLibrairie de L. Hachette et Cie.,
_c1866 (
_fImprimerie generale de Ch. Lahure)
300 _a2 v. ;
_c18 cm.
852 _aES-MaACL
_jD-2084-5
999 _c54127
_d54127